Yahya Abdul-Mateen II Movies - Statistics

General Stats
  • This quiz has been taken 3 times
  • The average score is 7 of 16
Answer Stats
Hint Answer % Correct
2018 Aquaman
100%
2021 Candyman
100%
2017 The Greatest Showman
100%
2017 Baywatch
67%
2019 Us
67%
2020 All Day and a Night
33%
2022 Ambulance
33%
2023 Aquaman and the Lost Kingdom
33%
2018 Boundaries
33%
2018 First Match
33%
2024 Furiosa
33%
2021 The Matrix: Resurrections
33%
2020 The Trial of the Chicago 7
33%
TBD Emergency Contact
0%
2019 Sweetness in the Belly
0%
2017 The Vanishing of Sidney Hall
0%
No matching quizzes found
Score Distribution
Percent of People with Each Score
Percentile by Number Answered
Your Score History
You have not taken this quiz